<?xml version="1.0" encoding="UTF-8"?>
<collection xmlns="http://www.loc.gov/MARC21/slim">
 <record>
  <leader>00480pamaa2200157   4500</leader>
  <controlfield tag="001">0000012105</controlfield>
  <controlfield tag="005">20090211090000.0</controlfield>
  <datafield tag="090" ind1="0" ind2="0">
   <subfield code="a">HF5548.85 </subfield>
   <subfield code="b">MAN</subfield>
  </datafield>
  <datafield tag="245" ind1="0" ind2="0">
   <subfield code="a">MANAGING stress [</subfield>
   <subfield code="m">videorecording].</subfield>
  </datafield>
  <datafield tag="260" ind1="0" ind2="0">
   <subfield code="a">Dubai: </subfield>
   <subfield code="b">Al-kabas video service, </subfield>
   <subfield code="c">[19?].</subfield>
  </datafield>
  <datafield tag="300" ind1=" " ind2=" ">
   <subfield code="a">1 videocassette (33 min.): </subfield>
   <subfield code="b">sd., col.</subfield>
  </datafield>
  <datafield tag="440" ind1="1" ind2="0">
   <subfield code="a">Management and business series</subfield>
  </datafield>
  <datafield tag="500" ind1="0" ind2="1">
   <subfield code="a">Episode 1</subfield>
  </datafield>
  <datafield tag="650" ind1="0" ind2="0">
   <subfield code="a">Stress management </subfield>
  </datafield>
  <datafield tag="650" ind1="0" ind2="0">
   <subfield code="a">Management </subfield>
  </datafield>
  <datafield tag="710" ind1="1" ind2="1">
   <subfield code="a">McGraw-Hill International Training System (UK) Ltd. </subfield>
  </datafield>
 </record>
</collection>
